Henry V / (Record no. 2734)

MARC details
000 -LEADER
fixed length control field 01480cam a2200361 a 4500
001 - CONTROL NUMBER
control field 2734
003 - CONTROL NUMBER IDENTIFIER
control field FISKH
005 - DATE AND TIME OF LATEST TRANSACTION
control field 20240111134624.0
008 - FIXED-LENGTH DATA ELEMENTS--GENERAL INFORMATION
fixed length control field 101008s2010 nyua 000 0 eng
010 ## - LIBRARY OF CONGRESS CONTROL NUMBER
LC control number 2010282888
020 ## - INTERNATIONAL STANDARD BOOK NUMBER
International Standard Book Number 9780007902323
040 ## - CATALOGING SOURCE
Original cataloging agency DLC
Transcribing agency DLC
Language of cataloging eng
Modifying agency FISKH
043 ## - GEOGRAPHIC AREA CODE
Geographic area code e-uk---
050 00 - LIBRARY OF CONGRESS CALL NUMBER
Classification number PR2812.A2
082 00 - DEWEY DECIMAL CLASSIFICATION NUMBER
Classification number 822.23
100 1# - MAIN ENTRY--PERSONAL NAME
Personal name Shakespeare, William,
Dates associated with a name 1564-1616.
245 10 - TITLE STATEMENT
Title Henry V /
Statement of responsibility, etc. William Shakespeare ; edited by S.M.Farrow and R.B. Kennedy
250 ## - EDITION STATEMENT
Edition statement Collin Classics
260 ## - PUBLICATION, DISTRIBUTION, ETC.
Place of publication, distribution, etc. London :
Name of publisher, distributor, etc. HarperCollins,
Date of publication, distribution, etc. 2011
300 ## - PHYSICAL DESCRIPTION
Extent 290 pages :
Dimensions 18 cm.
490 0# - SERIES STATEMENT
Series statement Collins Classics
520 ## - SUMMARY, ETC.
Summary, etc. This popular, much-studied drama focuses on the young warrior king -- from Henry's decision to continue the military exploits of his royal ancestors and press England's claim to the French throne, to his nervous watch before the Battle of Agincourt and his role in one of the greatest military triumphs in English history.
600 00 - SUBJECT ADDED ENTRY--PERSONAL NAME
Personal name Henry
Numeration V,
Titles and other words associated with a name King of England,
Dates associated with a name 1387-1422
Form subdivision Drama.
600 00 - SUBJECT ADDED ENTRY--PERSONAL NAME
Personal name Henry
Numeration V,
Titles and other words associated with a name King of England,
Dates associated with a name 1387-1422
Form subdivision Drama
General subdivision History and criticism.
600 10 - SUBJECT ADDED ENTRY--PERSONAL NAME
Personal name Shakespeare, William,
Dates associated with a name 1564-1616.
Title of a work Henry V.
600 10 - SUBJECT ADDED ENTRY--PERSONAL NAME
Personal name Shakespeare, William,
Dates associated with a name 1564-1616
General subdivision Stage history.
650 #0 - SUBJECT ADDED ENTRY--TOPICAL TERM
Topical term or geographic name entry element Kings and rulers
Form subdivision Drama.
700 1# - ADDED ENTRY--PERSONAL NAME
Personal name Farrow, S.M.
Relator term Editor
700 1# - ADDED ENTRY--PERSONAL NAME
Personal name Kennedy, R.B.
Relator term Editor
710 2# - ADDED ENTRY--CORPORATE NAME
Corporate name or jurisdiction name as entry element Royal Shakespeare Company.
906 ## - LOCAL DATA ELEMENT F, LDF (RLIN)
a 7
b cbc
c origres
d 2
e ncip
f 20
g y-gencatlg
942 ## - ADDED ENTRY ELEMENTS (KOHA)
Source of classification or shelving scheme Dewey Decimal Classification
Koha item type Books
Suppress in OPAC No
Holdings
Withdrawn status Lost status Source of classification or shelving scheme Damaged status Not for loan Collection Home library Current library Shelving location Date acquired Total Checkouts Full call number Barcode Date last seen Price effective from Koha item type
    Dewey Decimal Classification     Fiction Footprints International School Library Network Toul Kork Campus Footprints International School Library Network Toul Kork Campus   01/11/2024   SHA 822.33 PR2812.A2 2024-0018 01/11/2024 01/11/2024 Books